Engineering design for electrical engineers

Bibliographic Details
Main Authors: Wilcox, Alan D. (Author), Heulsman, Lawrence P. (Author)
Format: Book
Published: Englewood Cliffs, NJ : Prentice Hall , c1990
Subjects:

MARC

LEADER 00000cam a2200000 7i4500
001 0000009100
005 20070618093000.0
020 |a 0132781360 
090 0 0 |a TK153   |b .W55 1990 
100 0 |a Wilcox, Alan D. ,   |e author 
245 0 0 |a Engineering design for electrical engineers   |c Alan D. Wilcox with Lawrence P. Huelsman ... [et al.] 
260 2 |a Englewood Cliffs, NJ :   |b Prentice Hall ,   |c c1990 
300 |a xvii, 206 p. ; ;   |c 23 cm. 
504 |a Includes bibliographical and index 
650 0 |a Electric engineering 
650 0 |a Engineering design 
700 0 |a Heulsman, Lawrence P. ,   |e author 
999 |a 1000040055   |b Book   |c OPEN SHELF (30 DAYS)   |e Gong Badak Campus